La vc̕tima en el proceso penal de menores Tratamiento procesal e intervencin̤ socioeducativa /

Bibliographic Details
Main Author: Gonzl̀ez Pillado, Esther
Other Authors: Farto Piay, Toms̀
Format: eBook
Language:Spanish
Published: Madrid: Dykinson, 2021
Subjects:
Online Access:Acceso restringido

MARC

LEADER 00000nam a22000007a 4500
005 20220713230853.0
007 cr|||| ||||
008 220713s2022 es |||||s|||| 00||0 spa d
020 |a 978-84-1122-069-9 
035 |a 36456 
040 |a vLex 
090 |c 13559  |d 13559 
100 1 |a Gonzl̀ez Pillado, Esther 
245 1 2 |a La vc̕tima en el proceso penal de menores  |h [Recurso electrn̤ico] :  |b Tratamiento procesal e intervencin̤ socioeducativa /  |c Esther Gonzl̀ez Pillado, Toms̀ Farto Piay 
256 |a Servicio en ln̕ea 
260 |a Madrid:  |b Dykinson,  |c 2021 
300 |a 1 recurso electrn̤ico 
500 |a El objeto de esta obra se centra en el anl̀isis de la posicin̤ de la vc̕tima y de su estatuto jurd̕ico dentro del proceso penal de menores, detallando su participacin̤ en los distintos trm̀ites procesales con un exhaustivo estudio del tratamiento legal y jurisprudencial otorgado a esta materia. Para ello, se ha contado con la aportacin̤ realizada por profesores e investigadores de distintas r̀eas de conocimiento, tanto del m̀bito jurd̕ico como social. A lo largo de sus capt̕ulos, partiendo de la evolucin̤ del papel conferido a la vc̕tima, se definen las medidas de proteccin̤ ms̀ adecuadas que se pueden adoptar de modo inmediato para atender a la vc̕tima, especialmente cuando šta tambiň sea menor o se halle en situacin̤ de especial vulnerabilidad. Adems̀, se analiza la participacin̤ que debe darse a la vc̕tima en las actuaciones procesales, fundamentalmente, con el fin de evitar la victimizacin̤ secundaria y la impunidad de la conducta violenta por su negativa a declarar contra el agresor. Tambiň es objeto de atencin̤ la procedencia y conveniencia de aplicar en el m̀bito de la justicia juvenil distintas manifestaciones de justicia restaurativa poniendo el foco en el beneficio que pueden reportarle a la vc̕tima; adems̀, se exponen las va̕s ms̀ adecuadas para que la vc̕tima pueda obtener una reparacin̤ satisfactoria. Finalmente, se dedican tambiň varios capt̕ulos a la violencia de gňero ejercida entre adolescentes con el fin de identificar factores y situaciones de riesgo que pueden propiciar tales episodios violentos; en concreto, de especial interš, debido al aumento de este tipo de violencia, es el estudio de aquella que se ejerce a travš de las tecnologa̕s de la informacin̤ y la comunicacin̤ que lleva necesariamente al diseǫ e implantacin̤ de campaąs educativas de prevencin̤ y sensibilizacin̤ hacia este tipo de violencia. Todo ello se afronta desde una perspectiva multidisciplinar, bajo un anl̀isis exhaustivo de las cuestiones de mx̀ima actualidad, la incorporacin̤ de las ms̀ recientes tendencias de polt̕ica criminal y las l︢timas reformas legales, extremos que hacen de esta obra una referencia indispensable en la materia. 
506 1 |a Disponible solo en los productos indicados  |d vLex Global  |d vLex Global (Academic Edition, excluding Law Schools)  |d vLex Global (U.S. Academic Edition, Law Schools)  |d vLex Global (U.S. Academic Edition, excluding Law Schools)  |d vLex Global (Academic Edition, Law Schools) 
650 0 4 |a Derecho Penal  |z Espaą 
650 0 4 |a Procedimiento Penal  |z Espaą 
700 1 |a Farto Piay, Toms̀ 
740 0 |a vLex Libros (Servicio en ln̕ea) 
856 4 0 |u https://app.vlex.com/#/sources/36456  |z Acceso restringido 
942 |c BOOK 
999 0 |a Criminal Law 
999 0 |a Criminal Procedure